000 00484nam a22001577a 4500
999 _c527263
_d527263
020 _a9788121923538
082 _a624.1834
_bSYA
100 _aSyal, I.C.
245 _aReinforced Concrete Structures
_bfor the students of B.E./B.Tech. of Civil Engineering/
260 _aNew Delhi:
_bS. Chand & Co.;
_c1992.
300 _a807p.
942 _2ddc
_cBK
504 _aIncludes bibliography
650 _aBuilding structure
_918409